000 00329nam a22000977a 4500
100 _aस्‍वामी,डॉ.शंकरलाल
_981105
245 _aचरैवेति चरैवेति
260 _aबीकानेर
_bकलासन प्रकाशन
_c2004
650 _aयात्रा
942 _cHIN
999 _c64350
_d64350